| 000 | 00690nas a2200229 4500 | ||
|---|---|---|---|
| 001 | BR4800171 | ||
| 003 | BR-BrBNA | ||
| 005 | 20231205081904.0 | ||
| 007 | ta | ||
| 008 | 230509b bl.|||p| |||| 00| 00por d | ||
| 040 |
_aBR-BrBNA _bpor _cBiblioteca Nacional de Agricultura |
||
| 041 | _a(Pt) | ||
| 072 | _aF00 | ||
| 100 | 1 | _aThibau, C.E. | |
| 245 | 1 | _aConsideracoes sobre a cultura do trigo em Minas Gerais [Triticum aestivum, Brasil] | |
| 650 | _aTRIGO | ||
| 650 | _aPRATICA CULTURAL | ||
| 650 | _aMINAS GERAIS | ||
| 773 | 0 |
_tRevista Ceres (Brazil) _xISSN 0034-737X _g(Jun-Sep 1948), v. 7(42) p. 403-409 _wBR4800171 |
|
| 909 |
_a202311 _bLúcia _c55 _dLúcia Elande |
||
| 942 |
_2AGRIS _n0 _cANA |
||
| 999 |
_c87580 _d87580 |
||